| 000 | 00367nam a2200133Ia 4500 | ||
|---|---|---|---|
| 999 |
_c11186 _d11186 |
||
| 082 | _a954.2 MAN-B | ||
| 100 | _aMann. E.A. | ||
| 245 | 0 | _aBoundaries and identities: Muslims, work and status in Aligarh | |
| 260 |
_aNew Delhi _bSage Publications _c1992 |
||
| 300 | _a212 | ||
| 650 |
_aMuslims _zIndia _zAligarh |
||
| 650 |
_aAligarh _vSocial conditions |
||
| 942 |
_cBK _2ddc |
||